गड आला पण सिंह गेला (Record no. 959282)

MARC details
000 -LEADER
fixed length control field 00363nam a2200133Ia 4500
008 - FIXED-LENGTH DATA ELEMENTS--GENERAL INFORMATION
fixed length control field 151001s9999||||xx |||||||||||||| ||und||
100 ## - MAIN ENTRY--PERSONAL NAME
Personal name हरी नारायण आपटे
245 ## - TITLE STATEMENT
Title गड आला पण सिंह गेला
250 ## - EDITION STATEMENT
Edition statement 21
260 ## - PUBLICATION, DISTRIBUTION, ETC. (IMPRINT)
Name of publisher, distributor, etc आंबेरकर द.वा.
260 ## - PUBLICATION, DISTRIBUTION, ETC. (IMPRINT)
Date of publication, distribution, etc 1967
300 ## - PHYSICAL DESCRIPTION
Extent 160
365 ## - TRADE PRICE
Price amount 18

No items available.